000 00539 a2200181 4500
003 OSt
005 20231215140327.0
008 231215b |||||||| |||| 00| 0 eng d
020 _a9788130009117
040 _coclc
082 _a894.8121
_bNAM/V
100 _aNamboodiri, M V Vishnu
_97541
245 _aVadakkanpattukathakal Vol-2 /
_cM.V. Vishnu Namboodiri
250 _a2nd ed.
260 _aKozhikode:
_bPoorna Publications,
_c2018.
300 _a208p.
942 _2ddc
_cBK
_h894.8121
_iNAM/V
_k894.8121
_mNAM/V
999 _c44151
_d44151